| 000 | 01087nam a22003137a 4500 | ||
|---|---|---|---|
| 003 | CHAP | ||
| 005 | 20220329134145.0 | ||
| 008 | 971013s1969 cu a r 00010 spa d | ||
| 010 | _a16275 | ||
| 011 | _a17247 | ||
| 035 | _a21330 | ||
| 040 | _cCHAP | ||
| 082 | 0 | 4 |
_a636.0824 _bH6 |
| 100 | 0 | 0 |
_aHoly, Lubos. _956030 |
| 245 | 1 | _aBiología de la reproducción bovina; introducción al proceso del examen de la fertilidad de la hembra y del macho | |
| 260 |
_aLa Habana : _bInstituto del libro, _c1969 |
||
| 300 |
_a454 p. _b: ilus. |
||
| 590 |
_aBATCH-UPD _b10 _c20130110 _lUCH01 _h1606 |
||
| 590 |
_aBATCH-UPD _b10 _c20130410 _lUCH01 _h1002 |
||
| 590 |
_aBATCH-UPD _b10 _c20130914 _lUCH01 _h1524 |
||
| 590 |
_aCONVERSION _b10 _c20130109 _lUCH01 _h1310 |
||
| 650 | 1 | 4 |
_aGanado vacuno _xFecundidad. _945466 |
| 650 | 1 | 4 |
_aReproducción animal. _996028 |
| 700 | 0 |
_aMartínez Jústiz, Guido. _972192 |
|
| 901 | _aBK | ||
| 942 | _cLIBRO | ||
| 949 |
_a636.0824 H6 _bBC _cLIBRO _d33724000270674 _eLIBRO _h29665 _i21330 _si |
||
| 949 |
_a636.0824 H6 _bBC _cLIBRO _d33724000656773 _eLIBRO _fc.2 _h29666 _i21330 _si |
||
| 999 |
_c16275 _d16275 |
||